[Event "ZL-2020-0-02208"]
[Site "LSS email"]
[Date "2020.02.03"]
[Round "?"]
[White "Reinecke, Juergen"]
[Black "Theofel, Heiner"]
[Result "1-0"]
[WhiteElo "1304"]
[BlackElo "1302"]
[PlyCount "41"]
[EventDate "2020.02.03"]
[EventType "match (corr)"]
[EventRounds "2"]
[EventCountry "GER"]
[SourceTitle "Corr 2022"]
[Source "ChessBase"]
[SourceDate "2021.10.24"]
[SourceVersion "1"]
[SourceVersionDate "2021.10.24"]
[SourceQuality "1"]

1. d4 e6 2. e4 d5 3. Nd2 c5 4. Ngf3 Nc6 5. Bb5 Bd7 6. exd5 exd5 7. 0-0 Qb6 8. Bxc6 bxc6 9. dxc5 Bxc5 10. Nb3 Ne7 11. Nxc5 Qxc5 12. Be3 Qc4 13. Ne5 Qe4 14. Nxd7 Kxd7 15. Re1 Rhe8 16. Bc5 Qh4 17. Qf3 Qf6 18. Qh3+ Nf5 19. g4 Qh4 20. Qf3 Qg5 21. Qxf5+ 1-0

[Event "SE-2020-0-00309"]
[Site "LSS email"]
[Date "2020.01.31"]
[Round "?"]
[White "Raines, David T"]
[Black "Theofel, Heiner"]
[Result "1-0"]
[WhiteElo "1272"]
[BlackElo "1302"]
[PlyCount "32"]
[EventDate "2019.11.07"]
[EventType "tourn (corr)"]
[EventRounds "6"]
[EventCountry "GER"]
[SourceTitle "Corr 2022"]
[Source "ChessBase"]
[SourceDate "2021.10.24"]
[SourceVersion "1"]
[SourceVersionDate "2021.10.24"]
[SourceQuality "1"]

1. Nf3 d5 2. d4 g6 3. c4 Bg7 4. cxd5 Qxd5 5. Nc3 Qd8 6. e4 Nf6 7. Be2 0-0 8. 0-0 c6 9. Bg5 h6 10. Bh4 g5 11. Bg3 Bg4 12. Re1 Nh5 13. Be5 Bxe5 14. Nxe5 Bxe2 15. Rxe2 Nf4 16. Rd2 f6 1-0

[Event "SE-2020-0-00309"]
[Site "LSS email"]
[Date "2020.01.31"]
[Round "?"]
[White "Theofel, Heiner"]
[Black "Lonyuk, Bohdan"]
[Result "0-1"]
[WhiteElo "1302"]
[BlackElo "1260"]
[PlyCount "40"]
[EventDate "2019.11.07"]
[EventType "tourn (corr)"]
[EventRounds "6"]
[EventCountry "GER"]
[SourceTitle "Corr 2022"]
[Source "ChessBase"]
[SourceDate "2021.10.24"]
[SourceVersion "1"]
[SourceVersionDate "2021.10.24"]
[SourceQuality "1"]

1. e4 c5 2. Nf3 d6 3. d4 cxd4 4. Nxd4 Nf6 5. Nc3 g6 6. Be3 Bg7 7. f3 Nc6 8. Qd2 0-0 9. 0-0-0 d5 10. Qe1 e5 11. Nxc6 bxc6 12. exd5 Nxd5 13. Bc4 Be6 14. Bc5 Qg5+ 15. Kb1 Rfd8 16. g3 Nxc3+ 17. Qxc3 e4 18. Bd4 Rxd4 19. Rxd4 c5 20. Qd2 e3 0-1

[Event "SE-2020-0-00309"]
[Site "LSS email"]
[Date "2020.01.31"]
[Round "?"]
[White "Theofel, Heiner"]
[Black "Wilshusen, Horst"]
[Result "0-1"]
[WhiteElo "1302"]
[BlackElo "1191"]
[PlyCount "22"]
[EventDate "2019.11.07"]
[EventType "tourn (corr)"]
[EventRounds "6"]
[EventCountry "GER"]
[SourceTitle "Corr 2022"]
[Source "ChessBase"]
[SourceDate "2021.10.24"]
[SourceVersion "1"]
[SourceVersionDate "2021.10.24"]
[SourceQuality "1"]

1. e4 e5 2. Nf3 Nc6 3. Bc4 Bc5 4. c3 Nf6 5. d4 exd4 6. cxd4 Bb4+ 7. Nc3 Nxe4 8. 0-0 Bxc3 9. bxc3 d5 10. Re1 0-0 11. Bb2 Nxf2 0-1

[Event "SE-2020-0-00001"]
[Site "LSS email"]
[Date "2020.01.29"]
[Round "?"]
[White "Theofel, Heiner"]
[Black "Gronbech, Torsten"]
[Result "1/2-1/2"]
[WhiteElo "1302"]
[BlackElo "1345"]
[PlyCount "33"]
[EventDate "2020.01.17"]
[EventType "tourn (corr)"]
[EventRounds "6"]
[EventCountry "GER"]
[SourceTitle "Corr 2024"]
[Source "ChessBase"]
[SourceDate "2023.10.19"]
[SourceVersion "1"]
[SourceVersionDate "2023.10.19"]
[SourceQuality "1"]

1. e4 d6 2. d4 g6 3. Nf3 Bg7 4. Nc3 e6 5. Bc4 h6 6. 0-0 Ne7 7. Be3 Nd7 8. Qd2 b6 9. d5 e5 10. b4 a6 11. a4 0-0 12. b5 a5 13. Ne1 Nc5 14. Nd3 Bg4 15. Nxc5 dxc5 16. f3 Bd7 17. Bf2 1/2-1/2

[Event "ZL-2020-0-02206"]
[Site "LSS email"]
[Date "2020.01.29"]
[Round "?"]
[White "Theofel, Heiner"]
[Black "Lauer, Frederic"]
[Result "1-0"]
[WhiteElo "1302"]
[BlackElo "1134"]
[PlyCount "43"]
[EventDate "2020.01.27"]
[EventType "match (corr)"]
[EventRounds "2"]
[EventCountry "GER"]
[SourceTitle "Corr 2022"]
[Source "ChessBase"]
[SourceDate "2021.10.24"]
[SourceVersion "1"]
[SourceVersionDate "2021.10.24"]
[SourceQuality "1"]

1. e4 Nc6 2. d4 e5 3. d5 Nce7 4. Nf3 d6 5. Be2 f5 6. exf5 Bxf5 7. 0-0 Nf6 8. c4 Qd7 9. Nc3 0-0-0 10. b4 h6 11. b5 Ne4 12. Nxe4 Bxe4 13. Qa4 Kb8 14. Be3 b6 15. c5 Bxd5 16. c6 Qc8 17. Qb4 Nf5 18. a4 Bxf3 19. Bxf3 Be7 20. a5 Nxe3 21. fxe3 Qe6 22. axb6 1-0

[Event "LSS SE-2009-0-00028"]
[Site "LSS email"]
[Date "2009.08.18"]
[Round "?"]
[White "Theofel, Heiner"]
[Black "Moreira Lopes, Jose Carlos"]
[Result "0-1"]
[WhiteElo "1309"]
[BlackElo "1248"]
[PlyCount "60"]
[EventDate "2009.06.15"]
[EventType "tourn (corr)"]
[EventRounds "6"]
[EventCountry "GER"]
[SourceTitle "Corr 2011"]
[Source "ChessBase"]
[SourceDate "2010.08.31"]
[SourceVersion "1"]
[SourceVersionDate "2010.08.31"]
[SourceQuality "1"]

1. e4 c6 2. d4 d5 3. exd5 cxd5 4. c4 Nf6 5. Nc3 Nc6 6. Bg5 dxc4 7. Nf3 Bg4 8. Be2 e6 9. Qa4 Bd6 10. d5 exd5 11. Nxd5 Be6 12. Nxf6+ gxf6 13. Bh4 Bb4+ 14. Kf1 0-0 15. a3 Be7 16. Bxc4 Qb6 17. b3 Bd7 18. Qb5 Qxb5 19. Bxb5 Rad8 20. Ke2 Be6 21. Bxc6 bxc6 22. Rab1 Rfe8 23. Rhd1 Bd5 24. Nd4 Bxa3+ 25. Kf1 Be4 26. Ra1 Bb2 27. Ra4 Rd6 28. Bg3 Rd7 29. f3 Bg6 30. Bf2 c5 0-1

[Event "LSS SE-2009-0-00028"]
[Site "LSS email"]
[Date "2009.08.18"]
[Round "?"]
[White "Theofel, Heiner"]
[Black "Seris Granier Gonzales, Manuel Angel"]
[Result "0-1"]
[WhiteElo "1375"]
[BlackElo "1309"]
[PlyCount "34"]
[EventDate "2009.06.15"]
[EventType "tourn (corr)"]
[EventRounds "6"]
[EventCountry "GER"]
[SourceTitle "Corr 2011"]
[Source "ChessBase"]
[SourceDate "2010.08.31"]
[SourceVersion "1"]
[SourceVersionDate "2010.08.31"]
[SourceQuality "1"]

1. e4 c5 2. Nf3 d6 3. d4 cxd4 4. Nxd4 Nf6 5. Nc3 a6 6. f4 e5 7. Nf3 Nbd7 8. fxe5 dxe5 9. Bd3 Be7 10. 0-0 0-0 11. Kh1 b5 12. Bg5 Qc7 13. Bxf6 Nxf6 14. Nd5 Nxd5 15. exd5 f5 16. Be2 Rf6 17. Qe1 Bd6 0-1

[Event "LSS ZL-2009-0-00488"]
[Site "LSS email"]
[Date "2009.04.02"]
[Round "?"]
[White "Checa, Nicholas de T"]
[Black "Theofel, Heiner"]
[Result "0-1"]
[WhiteElo "1070"]
[BlackElo "1536"]
[PlyCount "56"]
[EventDate "2009.03.27"]
[EventType "match (corr)"]
[EventRounds "2"]
[EventCountry "GER"]
[SourceTitle "Corr 2011"]
[Source "ChessBase"]
[SourceDate "2010.08.31"]
[SourceVersion "1"]
[SourceVersionDate "2010.08.31"]
[SourceQuality "1"]

1. d4 Nf6 2. c4 g6 3. Nc3 Bg7 4. e4 d6 5. Bd3 Nc6 6. d5 Ne5 7. Nf3 Bg4 8. h3 Bxf3 9. gxf3 c5 10. dxc6 bxc6 11. Bg5 Qa5 12. Bxf6 Bxf6 13. f4 Nxd3+ 14. Qxd3 Rb8 15. Qc2 Qb4 16. 0-0 Qxc4 17. Rfe1 0-0 18. e5 dxe5 19. fxe5 Bg7 20. Re4 Qe6 21. Kg2 Qf5 22. Rae1 Rb4 23. f3 Bxe5 24. a3 Qg5+ 25. Kf1 Rxe4 26. Nxe4 Qf4 27. Re3 Qxe3 28. Qxc6 Qxf3+ 0-1

[Event "LSS OP-2009-0-00794"]
[Site "LSS email"]
[Date "2009.03.24"]
[Round "?"]
[White "Jokmin, Yannick"]
[Black "Theofel, Heiner"]
[Result "0-1"]
[WhiteElo "1600"]
[BlackElo "1536"]
[PlyCount "52"]
[EventDate "2009.03.17"]
[EventType "tourn (corr)"]
[EventRounds "4"]
[EventCountry "GER"]
[SourceTitle "Corr 2011"]
[Source "ChessBase"]
[SourceDate "2010.08.31"]
[SourceVersion "1"]
[SourceVersionDate "2010.08.31"]
[SourceQuality "1"]

1. e4 e5 2. Nf3 Nc6 3. Bc4 Nf6 4. Ng5 d5 5. exd5 Na5 6. Bb5+ c6 7. dxc6 bxc6 8. Be2 h6 9. Nf3 e4 10. Ne5 Bd6 11. f4 exf3 12. Nxf3 0-0 13. Nc3 Qc7 14. d3 Bg4 15. Be3 Rfe8 16. Qd2 Bxf3 17. gxf3 Nd5 18. Nxd5 cxd5 19. 0-0-0 Qe7 20. Bxh6 gxh6 21. Qxh6 Qe3+ 22. Qxe3 Rxe3 23. Rde1 Rae8 24. Kd1 d4 25. h4 Kh7 26. Rhg1 Bb4 0-1

[Event "LSS RC-2008-0-00022"]
[Site "LSS email"]
[Date "2009.03.07"]
[Round "?"]
[White "Becker, Brian R"]
[Black "Theofel, Heiner"]
[Result "1-0"]
[WhiteElo "1695"]
[BlackElo "1536"]
[PlyCount "45"]
[EventDate "2008.12.07"]
[EventType "tourn (corr)"]
[EventRounds "6"]
[EventCountry "GER"]
[SourceTitle "Corr 2011"]
[Source "ChessBase"]
[SourceDate "2010.08.31"]
[SourceVersion "1"]
[SourceVersionDate "2010.08.31"]
[SourceQuality "1"]

1. e4 e5 2. Nf3 Nc6 3. Bb5 Bb4 4. c3 Ba5 5. a4 a6 6. Bxc6 dxc6 7. Nxe5 Qg5 8. Nf3 Qxg2 9. Rg1 Qh3 10. Rxg7 Bg4 11. Ng1 Qf1+ 12. Kxf1 Bxd1 13. d4 0-0-0 14. Rxf7 Bb3 15. Rf5 Bb6 16. Bg5 Re8 17. Nd2 Be6 18. Re5 h6 19. Bh4 Kd7 20. f4 Bg4 21. f5 Rxe5 22. dxe5 Ne7 23. Nc4 1-0

[Event "LSS RC-2008-0-00022"]
[Site "LSS email"]
[Date "2009.03.03"]
[Round "?"]
[White "Jordaan, Wayne"]
[Black "Theofel, Heiner"]
[Result "1-0"]
[WhiteElo "1834"]
[BlackElo "1536"]
[PlyCount "41"]
[EventDate "2008.12.07"]
[EventType "tourn (corr)"]
[EventRounds "6"]
[EventCountry "GER"]
[SourceTitle "Corr 2011"]
[Source "ChessBase"]
[SourceDate "2010.08.31"]
[SourceVersion "1"]
[SourceVersionDate "2010.08.31"]
[SourceQuality "1"]

1. d4 Nf6 2. c4 g6 3. Nc3 Bg7 4. e4 d6 5. Nf3 0-0 6. Be2 e5 7. 0-0 Nc6 8. d5 Ne7 9. Ne1 Nd7 10. Nd3 f5 11. Bd2 c5 12. dxc6 Nxc6 13. exf5 Rxf5 14. Ne4 Nb6 15. Rc1 d5 16. cxd5 Nxd5 17. Bg4 Rf7 18. Bg5 Qf8 19. Bxc8 Rxc8 20. Nxe5 Nxe5 21. Qxd5 1-0

[Event "LSS ZI-2009-0-00359"]
[Site "LSS email"]
[Date "2009.02.26"]
[Round "?"]
[White "Theofel, Heiner"]
[Black "Marculescu, Gheorghe"]
[Result "1/2-1/2"]
[WhiteElo "1540"]
[BlackElo "1790"]
[PlyCount "113"]
[EventDate "2009.02.22"]
[EventType "match (corr)"]
[EventRounds "2"]
[EventCountry "GER"]
[SourceTitle "Corr 2011"]
[Source "ChessBase"]
[SourceDate "2010.08.31"]
[SourceVersion "1"]
[SourceVersionDate "2010.08.31"]
[SourceQuality "1"]

1. c4 e5 2. Nc3 Nf6 3. g3 Nc6 4. Bg2 Bc5 5. e3 d6 6. Nge2 Bg4 7. h3 Bd7 8. d4 Bb6 9. a3 0-0 10. b4 a6 11. c5 Ba7 12. dxe5 dxe5 13. 0-0 Qc8 14. Kh2 Rd8 15. Qb3 Be6 16. Qc2 Bc4 17. Ne4 Bd3 18. Nxf6+ gxf6 19. Qb2 Qe6 20. Rd1 Qc4 21. Nc3 f5 22. Rd2 Rab8 23. Ne2 f6 24. Qa2 Kg7 25. Qxc4 Bxc4 26. Nc3 Rxd2 27. Bxd2 Rd8 28. Be1 h5 29. Bxc6 bxc6 30. Rd1 Rxd1 31. Nxd1 Be2 32. Nc3 Bf3 33. Nb1 Be4 34. Nd2 Bd5 35. f3 Kg6 36. g4 fxg4 37. hxg4 hxg4 38. fxg4 a5 39. Bh4 Be6 40. Kg3 axb4 41. axb4 Bd5 42. e4 Ba2 43. Nf1 Bc4 44. Ne3 Be6 45. Nf5 Kf7 46. g5 fxg5 47. Bxg5 Kg6 48. Kg4 Bb8 49. Bh4 Ba7 50. Bg3 Kf6 51. Bh4+ Kg6 52. Be7 Bb8 53. Bd8 Bd7 54. Bh4 Be6 55. Bd8 Bd7 56. Bh4 Be6 57. Bd8 1/2-1/2

[Event "LSS OP-2009-0-00768"]
[Site "LSS email"]
[Date "2009.02.26"]
[Round "?"]
[White "Theofel, Heiner"]
[Black "Motz, Markus"]
[Result "1-0"]
[WhiteElo "1540"]
[BlackElo "1729"]
[PlyCount "43"]
[EventDate "2009.02.24"]
[EventType "tourn (corr)"]
[EventRounds "4"]
[EventCountry "GER"]
[SourceTitle "Corr 2011"]
[Source "ChessBase"]
[SourceDate "2010.08.31"]
[SourceVersion "1"]
[SourceVersionDate "2010.08.31"]
[SourceQuality "1"]

1. c4 e5 2. Nc3 f5 3. e4 d6 4. Be2 Nf6 5. d3 Be6 6. Nf3 f4 7. Ng5 Bg8 8. g3 g6 9. gxf4 Nc6 10. Nd5 Bg7 11. fxe5 dxe5 12. Be3 Ne7 13. h4 c6 14. Qa4 Qd7 15. Nb6 Qd8 16. Nxa8 Qxa8 17. Qxa7 Qc8 18. a4 h6 19. Nf3 Ng4 20. Bc5 Be6 21. a5 0-0 22. Bxe7 1-0

[Event "LSS ZI-2009-0-00360"]
[Site "LSS email"]
[Date "2009.02.26"]
[Round "?"]
[White "Theofel, Heiner"]
[Black "Schild, Reinhard"]
[Result "0-1"]
[WhiteElo "1536"]
[BlackElo "1937"]
[PlyCount "68"]
[EventDate "2009.02.23"]
[EventType "match (corr)"]
[EventRounds "2"]
[EventCountry "GER"]
[SourceTitle "Corr 2011"]
[Source "ChessBase"]
[SourceDate "2010.08.31"]
[SourceVersion "1"]
[SourceVersionDate "2010.08.31"]
[SourceQuality "1"]

1. e4 c6 2. d4 d5 3. Nc3 dxe4 4. Nxe4 Bf5 5. Ng3 Bg6 6. h4 h6 7. Nf3 Nd7 8. h5 Bh7 9. Bd3 Bxd3 10. Qxd3 e6 11. Bf4 Qa5+ 12. c3 Ngf6 13. b4 Qb5 14. Qxb5 cxb5 15. 0-0 Nb6 16. Be5 Nfd5 17. Ne2 Rc8 18. Rfc1 Na4 19. a3 f6 20. Bg3 Kd7 21. Rc2 Naxc3 22. Nxc3 Rxc3 23. Rac1 Rxc2 24. Rxc2 Be7 25. Nd2 Rc8 26. Rxc8 Kxc8 27. Kf1 b6 28. Ke2 a5 29. Ne4 Kd7 30. Kd3 axb4 31. axb4 Bxb4 32. f3 f5 33. Nd2 Bd6 34. Bxd6 Kxd6 0-1

[Event "LSS OP-2009-0-00736"]
[Site "LSS email"]
[Date "2009.02.03"]
[Round "?"]
[White "Theofel, Heiner"]
[Black "Csaba, Fodor"]
[Result "1-0"]
[WhiteElo "1540"]
[BlackElo "1438"]
[PlyCount "43"]
[EventDate "2009.01.27"]
[EventType "tourn (corr)"]
[EventRounds "4"]
[EventCountry "GER"]
[SourceTitle "Corr 2011"]
[Source "ChessBase"]
[SourceDate "2010.08.31"]
[SourceVersion "1"]
[SourceVersionDate "2010.08.31"]
[SourceQuality "1"]

1. e4 e5 2. Nf3 Nc6 3. Bc4 Bc5 4. c3 Nf6 5. d3 0-0 6. 0-0 Re8 7. b4 Bb6 8. a4 a6 9. a5 Ba7 10. Ng5 d5 11. exd5 Ne7 12. d6 Qxd6 13. Nxf7 Qc6 14. Nxe5+ Kf8 15. Nxc6 bxc6 16. Bg5 Nfd5 17. Qf3+ Bf5 18. Bxd5 cxd5 19. Bxe7+ Rxe7 20. Qxf5+ Rf7 21. Qxd5 Rc8 22. Qb7 1-0